000 01177 a2200241 4500
005 20080910141711.0
008 080910t xxu||||| |||| 00| 0 hin d
010 _aHIN-79471
020 _a8170563623
_c250.00
035 _aHN-51817
037 _bD.B.Act / pub
082 _a821.08
100 _aसाहू, रामदेव
245 _aहिन्दी काव्यशास्त्र
_cरामदेव साहू
246 _aHindi kavyashastra
_bby Ramdev Sahu
260 _aजयपुर
_bपंचशील प्रकाशन
_c2006
270 _aफिल्म कालोनी,चौड़ा रास्ता
_bजयपुर
_e302003
_k0141-2315072
_l5113854
_mpanchsheel_j@sify.com
300 _a168पृ
_c22 सेमी (सजिल्द)
650 _aहिन्दी काव्यशास्त्र
650 _aHindi poetics
942 _adpl
_cHN
_k821.08 / साहूरा
_2ddc
_h821.08
_mसाहूरा
999 _c2808
_d2808